Bariéry rozvoje.
Analýza združenia podnikateľov ukazuje na bariéry súkromného podnikania a skutočnosť, že v ČSFR sme len na začiatku vzniku malého a stredného podnikania. Návrh opatrení smeruje k odstráneniu prekážok v právnej úprave, podpore demonopolizácie, odstráneniu administratívnych prekážok, umožneniu prístup...
Guardado en:
| Formato: | Capítulo de libro |
|---|---|
| Lenguaje: | checo |
| Materias: | |
| Etiquetas: |
Sin Etiquetas, Sea el primero en etiquetar este registro!
|
MARC
| LEADER | 00000naa a2200000 4500 | ||
|---|---|---|---|
| 001 | r003190 | ||
| 005 | 20221125075937.5 | ||
| 041 | 0 | |a cze | |
| 044 | |a [CS] | ||
| 245 | 1 | 0 | |a Bariéry rozvoje. |
| 520 | |a Analýza združenia podnikateľov ukazuje na bariéry súkromného podnikania a skutočnosť, že v ČSFR sme len na začiatku vzniku malého a stredného podnikania. Návrh opatrení smeruje k odstráneniu prekážok v právnej úprave, podpore demonopolizácie, odstráneniu administratívnych prekážok, umožneniu prístupu k úveru atď. | ||
| 610 | 2 | 0 | |a podnikanie súkromné |
| 610 | 2 | 0 | |a ČSFR |
| 610 | 2 | 0 | |a predpisy právne |
| 610 | 2 | 0 | |a úver |